000 00507nam a2200169Ia 4500
003 GCL
008 140319s9999 xx 000 0 ara d
040 _aGCL /
_cGCL
082 0 4 _a001.42
_bع و
100 1 _aعصام محمد الأعرجى
245 1 0 _aالوجيز فى مناهج البحث العلمى : منظور إدارى معاصر /
_cعصام محمد الأعرجى
300 _a243
490 _aكتاب
_v0
650 0 4 _aطرق البحث
650 0 4 _aالبحوث
942 _2ddc
_cBK
999 _c43247
_d43247